American history : (Record no. 17201)

000 -LEADER
fixed length control field 00666cam a2200229Ia 4500
020 ## - INTERNATIONAL STANDARD BOOK NUMBER
ISBN 0072424362 (combined ed.)
020 ## - INTERNATIONAL STANDARD BOOK NUMBER
ISBN 9780072424362 (combined ed.)
020 ## - INTERNATIONAL STANDARD BOOK NUMBER
ISBN 0072490519 (v. 1)
020 ## - INTERNATIONAL STANDARD BOOK NUMBER
ISBN 9780072490510 (v. 1)
020 ## - INTERNATIONAL STANDARD BOOK NUMBER
ISBN 0072490535 (v. 2)
020 ## - INTERNATIONAL STANDARD BOOK NUMBER
ISBN 9780072490534 (v. 2)
020 ## - INTERNATIONAL STANDARD BOOK NUMBER
ISBN 007293672X (v.2)
020 ## - INTERNATIONAL STANDARD BOOK NUMBER
ISBN 9780072936728 (v.2)
040 ## - CATALOGING SOURCE
Transcribing agency EMU
082 ## - DEWEY DECIMAL CLASSIFICATION NUMBER
Classification number 973 BRI 2003 A111 Or.
100 1# - MAIN ENTRY--AUTHOR NAME
Personal name Brinkley, Alan
245 10 - TITLE STATEMENT
Title American history :
Remainder of title a survey /
250 ## - EDITION STATEMENT
Edition statement Eleventh edition
300 ## - PHYSICAL DESCRIPTION
Number of Pages 2 volumes :
Other physical details illustrations (some color), color maps ;
Dimensions 28 cm
500 ## - GENERAL NOTE
General note Second volume 2 ISBN from label
942 ## - ADDED ENTRY ELEMENTS (KOHA)
Koha item type សៀវភៅភាសាអង់គ្លេស
952 ## - LOCATION AND ITEM INFORMATION (KOHA)
Withdrawn status [LOCAL, KOHA] 0
Holdings
Permanent Location Date acquired Koha item type Lost status Shelving location Barcode Current Location Full call number
Library Block A2018-09-05សៀវភៅភាសាអង់គ្លេស A111A18385Library Block A973 BRI 2003 A111 Or.
មជ្ឈមណ្ឌលឯការនៃសាកលវិទ្យាល័យភូមិន្ទកសិកម្មចំការដូង

Powered by Koha